Estadísticas para Invasiones de gran bretaña

Haz click aquí para tomar la prueba!

Estadísticas generales

  • Esta prueba ha sido tomada 46 veces
  • La puntuación promedio es 4 de 5

Estadísticas de respuestas

CuandoInvasores% Correcto
55 aC - 60 dCRomanos
95%
800s - 1000sVikingos
90%
1066normans
68%
500 aCCeltas
63%
400s - 600sTribus germánicas
43%

Distribución de puntuación

Porcentaje por número respondido

Porcentaje de gente con cada puntuación

Historial de tus puntuaciones

No has tomado esta prueba